Largest Cities Containing 'F' - Statistics

General Stats
  • This quiz has been taken 234 times
  • The average score is 10 of 19
Answer Stats
Population Country City % Correct
3,125,000 Germany Frankfurt
98%
7,600,000 United States San Francisco
90%
1,330,000 Bulgaria Sofia
84%
1,440,000 Sierra Leone Freetown
77%
4,850,000 Germany Düsseldorf
74%
1,200,000 Morocco Fez
74%
3,575,000 Brazil Fortaleza
66%
2,650,000 Japan Fukuoka
59%
3,775,000 Brazil Recife
59%
1,540,000 United Kingdom Sheffield
53%
3,950,000 Pakistan Faisalabad
52%
2,750,000 Iran Isfahan
49%
3,925,000 Pakistan Fuzhou
45%
1,120,000 Russia Ufa
37%
4,550,000 China Hefei
26%
1,350,000 United States Buffalo
24%
1,700,000 United States Hartford
10%
1,600,000 China Weifang
5%
1,050,000 China Kaifeng
4%
No matching quizzes found
Score Distribution
Percent of People with Each Score
Percentile by Number Answered
Your Score History
You have not taken this quiz